แสดงรายละเอียดบรรณานุกรม
  กลับหน้าหลัก

Brief Record : Get Marc (ISO 2709) : E-mail record : QR code ปิดหน้าต่าง
E-books : เกี่ยวกับ Collections
LEADER 00000nam 2200000uu 4500
001    207454
003     ULIBM
008    120627s2550||||th 000 0 tha d
040    ^abcnkk
041 0  ^atha
050  0 ^aJQ1746 พ371 2550
245 00 ^aร่างพระราชบัญญัติระเบียบข้าราชการพลเรือน พ.ศ..../^bจัดทำโดยสวัสดิการสำนักงาน ก.พ.
260    ^aกรุงเทพฯ : ^bสวัสดิการสำนักงาน ก.พ.,^c2550.
300    ^a60 หน้า;^bภาพประกอบ.
650  0 ^aพระราชบัญญัติระเบียบข้าราชการพลเรือน.
650  0 ^aข้าราชการพลเรือน ^xกฎหมายและระเบียบข้อบังคับ.
710 1  ^aสวัสดิการสำนักงาน ก.พ.
999    ^aใช้งานได้ทุกระบบ
รายการนี้ยังไม่มีแท็ก
คุณยังไม่ได้ล็อกอิน คุณสามารถมีกิจกรรมร่วมกับเว็บไซต์ได้ แต่ต้องล็อกอินก่อน ::
  ล็อกอิน
ลำดับที่ ประเภท เลขเรียก สถานที่ สถานะ
1. หนังสือทั่วไป
หนังสือทั่วไป
สถานะ=หนังสือเก่า - บริการ ณ ห้องสมุด (ห้องเหลือง)
JQ1746 พ371 2550  
  
หนังสือทั่วไป On Shelf
  ขอยืม
Note:บริจาค
   [แสดง 1/1 รายการ]

BibComment


ยังไม่เคยถูกคอมเมนท์

คอมเมนท์ทรัพยากรรายการนี้
  คอมเมนท์: ร่างพระราชบัญญัต..
Bib 207454

 
 
 

 Union Library Management : ULibM
Copyright 2026. All Rights Reserved.
скачать бесплатно без регистрации порно красивый секс HD Sex Hindi sex

xxx gou

xxxx

bfxxx

xxxwww

Секса Видео

xxxx

Секса Видео

detube

geilexxx

C99 Shell

worms shell

blod xxx video
Ebony Coed Rihanna Rimes Takes A Dick In Her Young Twat priyaa indian fuck anal and pusssy hardcore indian women xxx desi hardcore fucking part 1 bengalixxxcouple